000 00802nam a2200253Ia 4500
003 OSt
005 20220918170838.0
006 a|||||r|||| 00| 0
007 ta
008 220917b |||||||| |||| 00| 0 eng d
020 _a9780745326474 (pbk)
_c1386.45
024 _a238,452
037 _b5182, 11/12/2008, Efficient Book Distributors
_cTextual
040 _aARTS
_cARTS
_beng
041 _2eng
_aeng
082 _aN0aW, P7
100 _aDavis Walter A.
_931630
245 0 _aArt and politics
_b Pysuchoanalysis, ideology, theatre
260 _aLondon
_bPluro Press UK
_c2007
300 _axv,176p.
_ccm.
650 _aARTS; POLITICAL SCIENCE
_931631
942 _hN0aW, P7
_cTEXL
_2CC
999 _c136184
_d136184